[Event "Kozje op 3rd"]
[Site "Kozje"]
[Date "2016.09.11"]
[Round "5"]
[White "Kolic, Mario"]
[Black "Rajgl, Jozko"]
[Result "1-0"]
[WhiteElo "1500"]
[BlackElo "1500"]
[PlyCount "92"]
[EventDate "2016.09.09"]
[EventType "swiss"]
[EventRounds "5"]
[EventCountry "SLO"]
[SourceTitle "CBM 174 Extra"]
[Source "ChessBase"]
[SourceDate "2016.10.10"]
[SourceVersion "1"]
[SourceVersionDate "2016.10.10"]
[SourceQuality "1"]

1. e4 g6 2. d4 Bg7 3. Nf3 e6 4. Bd3 Nc6 5. Be3 h5 6. Nc3 Bh6 7. Qd2 Nxd4 8. Nxd4 e5 9. Nf3 d6 10. Bxh6 Nxh6 11. Ng5 Bg4 12. h3 Bd7 13. f4 Qe7 14. fxe5 Qxe5 15. 0-0-0 0-0-0 16. Rhf1 Rhf8 17. Nh7 Rfe8 18. Qxh6 Rh8 19. Rxf7 g5 20. Qg7 Qg3 21. Rdf1 Rhg8 22. Qf6 Qe3+ 23. Kb1 b6 24. Rf8 g4 25. hxg4 Bxg4 26. Be2 Bxe2 27. Nxe2 Qxe4 28. Rxd8+ Rxd8 29. Qf5+ Qxf5 30. Rxf5 Rg8 31. Rf8+ Rxf8 32. Nxf8 h4 33. Ng6 Kb7 34. Nxh4 a5 35. g4 a4 36. g5 Kc8 37. g6 Kb7 38. g7 Ka6 39. g8Q c5 40. Qd8 c4 41. Qxd6 Ka5 42. Qd5+ b5 43. Qc5 a3 44. Qxa3+ Kb6 45. Qb4 Ka6 46. a4 Kb6 1-0

[Event "Kozje op 3rd"]
[Site "Kozje"]
[Date "2016.09.10"]
[Round "2"]
[White "Zlatanovic, Srdjan"]
[Black "Rajgl, Jozko"]
[Result "1-0"]
[WhiteElo "1562"]
[BlackElo "1500"]
[PlyCount "43"]
[EventDate "2016.09.09"]
[EventType "swiss"]
[EventRounds "5"]
[EventCountry "SLO"]
[SourceTitle "CBM 174 Extra"]
[Source "ChessBase"]
[SourceDate "2016.10.10"]
[SourceVersion "1"]
[SourceVersionDate "2016.10.10"]
[SourceQuality "1"]

1. d4 Nf6 2. Bf4 d6 3. Nf3 a6 4. e3 g6 5. c3 Bf5 6. Qb3 Ra7 7. Ng5 d5 8. Nd2 Bg7 9. Be2 0-0 10. h3 b5 11. 0-0 Qd7 12. Ngf3 Bxh3 13. gxh3 Qxh3 14. Nh2 Re8 15. Ndf3 Nh5 16. Ng5 Qf5 17. Bg4 Qf6 18. Bxh5 gxh5 19. Qxd5 e6 20. Qg2 h6 21. Ngf3 Kh7 22. Be5 1-0